Library Banner

Kamand(Persian)/ (Record no. 109827)

MARC details
000 -LEADER
fixed length control field 00373nam a22001217a 4500
005 - DATE AND TIME OF LATEST TRANSACTION
control field 20181226115800.0
008 - FIXED-LENGTH DATA ELEMENTS--GENERAL INFORMATION
fixed length control field 181226b ||||| |||| 00| 0 eng d
040 ## - CATALOGING SOURCE
Transcribing agency PK-LaUMT
082 ## - DEWEY DECIMAL CLASSIFICATION NUMBER
Classification number RHC 891.5505
Item number KAM-
245 ## - TITLE STATEMENT
Title Kamand(Persian)/
Remainder of title quarterly research journal of the faculty of Persian/
260 ## - PUBLICATION, DISTRIBUTION, ETC. (IMPRINT)
Place of publication, distribution, etc کوئٹہ:
Name of publisher, distributor, etc دانشگاہ بلوچستان
Date of publication, distribution, etc 2011
942 ## - ADDED ENTRY ELEMENTS (KOHA)
Koha item type Books
Holdings
Withdrawn status Lost status Damaged status Home library Current library Date acquired Full call number Barcode Date last seen Price effective from Koha item type
      UMT Main Campus UMT Main Campus 2018-12-26 RHC 891.5505 KAM- 127236 2018-12-26 2018-12-26 Books